• 首页
  • 本馆介绍
  • 公告通知
  • 最新文献
  • 馆藏检索
  • 电子资源
  • 读者导购
  • 参考咨询
  • 我的图书馆
  • 登录
  • 详细信息显示
  • 放入我的书架
  • 预约/预借图书
  • 作者相关作品
  • 分类相关作品
  • 丛书相关作品
  • 出版社相关作品

书目信息

  • 表格格式
  • 工作单格式
  • 卡片格式
题名:
遗传学
    
 
作者: 郭平仲 主编
分册:  
出版信息: 北京   北京师范大学出版社  1988.05
页数: 622页
开本: 19cm
丛书名:
单 册:
中图分类: Q3-0
科图分类:
主题词: 遗传学--理论 , 遗传学--方法论
电子资源:
ISBN: 7-81014-049-3
000 00611nam0 2200217 450
001 0753758269
005 20071229145737.96
010    @a7-81014-049-3@dCNY4.00
100    @a20071229d1988 km y0chiy0120 ea
101 0  @achi
102    @aCN@b110000
200 1  @a遗传学@Ayi chuan xue@f郭平仲主编@Fguo ping zhong zhu bian
210    @a北京@c北京师范大学出版社@d1988.05
215    @a622页@d19cm
300    @a中学教师《专业合格证书》生物教材
606 0  @a遗传学@x理论
606 0  @a遗传学@x方法论
690    @aQ3-0@v4
701  0 @a郭平仲@Aguo ping zhong@4主编
801  0 @aCN@bPFT@c20071229
905    @aBZT@dQ3-0@e1
    
    遗传学/郭平仲主编.-北京:北京师范大学出版社,1988.05
    622页;19cm
    中学教师《专业合格证书》生物教材
    
    ISBN 7-81014-049-3:CNY4.00
    
●
相关链接 在五车中查询图书 在当当中查询图书 在豆瓣中查询图书


正题名:遗传学     索取号:Q3-0/1         预约/预借

序号 登录号 条形码 馆藏地/架位号 状态 备注
1 005461   220003308   中心书库中库/ 中库042架A面2列4层42/ [索取号:Q3-0/1] 在馆    
山东省滨州职业学院图书馆 欢迎您!
大连网信软件有限公司© 版权所有